Na úverovom boome sa vezú aj lízingovky

Výsledky hospodárenia lízingových spoločností. Polročné obraty lízingoviek. Štruktúra obchodov lízingových spoločností v hnuteľných predmetoch. Obchody ženú nahor najmä podnikatelia, ktorí tvoria väčšinu klientov. Aj lízingovky budú mať vlastný register (zrejme od roku 2007) - budú si vymieňať údaje...

ver descrição completa

Na minha lista:
Detalhes bibliográficos
Autor principal: Brondošová, Jana
Formato: Capítulo de Livro
Idioma:eslovaco
Assuntos:
Tags: Adicionar Tag
Sem tags, seja o primeiro a adicionar uma tag!

MARC

LEADER 00000naa$a2200000$$$4500
001 0046559
005 20231009084050.0
041 0 |a slo 
044 |a SK 
245 1 0 |a Na úverovom boome sa vezú aj lízingovky  |c Jana Brondošová 
520 |a Výsledky hospodárenia lízingových spoločností. Polročné obraty lízingoviek. Štruktúra obchodov lízingových spoločností v hnuteľných predmetoch. Obchody ženú nahor najmä podnikatelia, ktorí tvoria väčšinu klientov. Aj lízingovky budú mať vlastný register (zrejme od roku 2007) - budú si vymieňať údaje o vzorných či nežiadúcich zákazníkoch. 
610 2 0 |a spoločnosti lízingové 
610 2 0 |a lízing 
610 2 0 |a lízing finančný 
610 2 0 |a pôžičky 
610 2 0 |a obrat peňažný 
610 2 0 |a klienti 
610 2 0 |a podnikatelia 
100 1 |a Brondošová, Jana